The Simpsons Franchise - Statistics

General Stats
  • This quiz has been taken 31 times
  • The average score is 17 of 94
Answer Stats
Type Year Name Info % Correct
TV Show 1989-Present The Simpsons FOX
100%
Video Game 1991 The Simpsons Konami
100%
Film 2007 The Simpsons Movie 20th Century Fox
100%
Video Game 2001 The Simpsons: Road Rage EA / THQ
47%
Music Video 1990 Do the Bartman Brad Bird
42%
Video Game 2003 The Simpsons: Hit & Run Vivendi Universal Games
37%
Video Game 2012 The Simpsons: Tapped Out EA
37%
Shorts (On TV Show) 1987-1989 The Tracey Ullman Show Fox
37%
Video Game 2007 The Simpsons Game EA
32%
Comic Series 1993-2004 Bartman Bongo Comics
26%
Comic Series 2000-2016 Bart Simpson Bongo Comics
26%
Video Game 1992 The Simpsons: Bart's Nightmare Acclaim Entertainment
26%
Video Game 1992 Krusty's Fun House Acclaim Entertainment / Virgin Games
21%
Theme Park Attraction 2008-Present The Simpsons Ride Universal Studios Hollywood / Universal Studios Florida
21%
Comic Series 1995-2017 The Simpsons' Treehouse of Horror Bongo Comics
21%
Book 1991 The Simpsons Uncensored Family Album Matt Groening
21%
Video Game 2001 The Simpsons Wrestling EA / Activision
21%
Video Game 1991 Bart Simpson's Escape from Camp Deadly Acclaim Entertainment
16%
Book 1993 Bart Simpson's Guide to Life Matt Groening
16%
Comic Mini-Series 2010 Comic Book Guy: The Comic Book Bongo Comics
16%
Book 1990 Greetings from The Simpsons Matt Groening
16%
Video Game 2009 Itchy and Scratchy Land EA
16%
Book 1991 Maggie Simpson's Alphabet Book Maggie Groening / Matt Groening
16%
Book 1991 Maggie Simpson's Book of Animals Maggie Groening / Matt Groening
16%
Book 1991 Maggie Simpson's Book of Colors and Shapes Maggie Groening / Matt Groening
16%
Book 1991 Maggie Simpson's Counting Book Maggie Groening / Matt Groening
16%
Book 1993 Matt Groening's Cartooning with the Simpsons Matt Groening
16%
Video Game 2007 Minutes to Meltdown EA
16%
Comic Series 1993-2018 Simpsons Comics Bongo Comics
16%
Album 1997 Songs in the Key of Springfield The Simpsons
16%
Book 2004 The Bart Book Bill Morrison / Matt Groening
16%
Book 2004 The Homer Book Bill Morrison / Matt Groening
16%
Video Game 1995 The Itchy & Scratchy Game Acclaim Entertainment
16%
Book 2006 The Lisa Book Bill Morrison / Matt Groening
16%
Short Film 2012 The Longest Daycare 20th Century Fox
16%
Book 2009 The Marge Book Bill Morrison / Matt Groening
16%
Video Game 2009 The Simpsons Arcade EA
16%
Video Game 1992 The Simpsons: Bartman Meets Radioactive Man Acclaim Entertainment
16%
Video Game 1991 The Simpsons: Bart's House of Weirdness Konami
16%
Video Game 1994 The Simpsons: Bart & the Beanstalk Acclaim Entertainment
16%
Video Game 1992 The Simpsons: Bart vs. the Juggernauts Acclaim Entertainment
16%
Video Game 1991 The Simpsons: Bart vs. the Space Mutants Acclaim Entertainment / Ocean Software
16%
Video Game 1991 The Simpsons: Bart vs. the World Acclaim Entertainment / Virgin Interactive Entertainment
16%
Video Game 2000 The Simpsons Bowling Konami
16%
Video Game 1996 The Simpsons: Cartoon Studio Fox Interactive
16%
Book 1992 The Simpsons Fun in the Sun Book Matt Groening
16%
Book 1998 The Simpsons Guide to Springfield: An 'Are We There Yet?' Book Matt Groening
16%
Video Game 1994 The Simpsons: Itchy & Scratchy in Miniature Golf Madness Acclaim Entertainment
16%
Video Game 2001 The Simpsons: Night of the Living Treehouse of Horror THQ
16%
Book 1998 The Simpsons on Parade Book Matt Groening
16%
Book 1991 The Simpsons Rainy Day Fun Book Matt Groening
16%
Album 1990 The Simpsons Sing the Blues The Simpsons
16%
Video Game 2002 The Simpsons Skateboarding EA
16%
Book 2006 The Simpsons Ultra-Jumbo Rain or Shine Fun Book Matt Groening
16%
Video Game 1997 The Simpsons: Virtual Springfield Fox Interactive
16%
Book 1991 The Simpsons XMas Book Matt Groening / Mimi Pond
16%
Video Game 1994 Virtual Bart Acclaim Entertainment
16%
Comic Book 2013 Bongo's Two One-Shot Wonders in One Bongo Comics
11%
Book 2010 Chief Wiggum's Book of Crime and Punishment Matt Groening / Bill Morrison
11%
Book 2005 Comic Book Guy's Book of Pop Culture Evan Dorkin / Matt Groening
11%
Music Video 1991 Deep, Deep Trouble Gregg Vanzo
11%
Book 2008 Flanders' Book of Faith Edwin Aguilar / Mary Trainor
11%
Album 1999 Go Simpsonic with The Simpsons The Simpsons
11%
Comic Mini-Series 1995 Krusty Comics Bongo Comics
11%
Comic Book 1995 Lisa Comics Bongo Comics
11%
Comic Series 2012-2018 One-Shot Wonders Bongo Comics
11%
Magazine 1991-1993 Simpsons Illustrated Ted Brock
11%
Comic Series 2012-2017 Simpsons Illustrated Bongo Comics
11%
Comic Book 2001 Simpsons Summer Special Bongo Comics
11%
Comic Series 2006-2013 Simpsons Super Spectacular Bongo Comics
11%
Comic Series 2007-Present Simpsons Treasure Trove Bongo Comics
11%
Book 2008 The Book of Moe Marcos Asprec / Terry Delegeane
11%
Comic Book 2014 The Greatest Bartman Stories Ever Told! Bongo Comics
11%
Book 2006 The Krusty Book Karen Bates / Jamie Angell
11%
Comic Book 1993 The Official History of Bongo Comics Bongo Comics
11%
Book 2005 The Ralph Wiggum Book Bill Morrison / Matt Groening
11%
Comic Series 2002-2005 The Simpsons Futurama Crossover Crisis Bongo Comics
11%
Book 2007 The Simpsons Handbook: Secret Tips from the Pros Matt Groening / Bill Morrison
11%
Book 2004 The Simpsons Jigsaw Book N/A
11%
Book 2007 The Simpsons Masterpiece Gallery: A Big Book of Posters Matt Groening
11%
Book 2002 The Simpsons Songbook Matt Groening / Alf Clausen
11%
Comic Series 2007-2015 The Simpsons Summer Shindig Bongo Comics
11%
Album 2007 The Simpsons: Testify The Simpsons
11%
Comic Series 2006-2015 The Simpsons Winter Wingding Bongo Comics
11%
Album 1998 The Yellow Album The Simpsons
11%
Comic Book 1994 Bartman and Radioactive Man Bongo Comics
5%
Theme Park Attraction 2013-Present Kang & Kodos' Twirl 'n' Hurl Universal Studios Florida
5%
Comic Book 1993 Simpsons Comics and Shorts Bongo Comics
5%
Board Game ???? Simpsons Jeopardy! Pressman Toy Corp.
5%
Book 2010 Simpsons World: The Ultimate Episode Guide: Seasons 1-20 Ray Richmond / Antonia Coffman / Scot M. Gimple / Jesse L. McCann
5%
Book 1997 The Simpsons: A Complete Guide to Our Favorite Family Ray Richmond / Antonia Coffman
5%
Book 2002 The Simpsons Beyond Forever!: A Complete Guide to Our Favorite Family ...Still Continued Jesse L. McCann
5%
Book 1999 The Simpsons Forever!: A Complete Guide to Our Favorite Family ...Continued Scott M. Gimple
5%
Book 2005 The Simpsons One Step Beyond Forever!: A Complete Guide to Our Favorite Family ...Continued Yet Again Jesse L. McCann
5%
No matching quizzes found
Score Distribution
Percent of People with Each Score
Percentile by Number Answered
Your Score History
You have not taken this quiz